Statistics for Largest European Cities by Letter - G

Click here to take the quiz!

General Stats

  • This quiz has been taken 95 times
  • The average score is 11 of 19

Answer Stats

Rank Population Country Hint City % Correct
1656'000ItalyRivieraGenoa
93%
5458'000PolandPoland's principal seaportGdansk
93%
17172'000SwitzerlandCERNGeneva
91%
4462'000SwedenVolvoGothenburg
91%
2616'000United KingdomOld FirmGlasgow
88%
12243'000SpainLast muslim city in Spain (until 1492)Granada
75%
14230'000BelgiumSaint Bravo's CathedralGent
73%
13238'000AustriaCapital of Styria (Steiermark)Graz
73%
19151'000France"Capital of the Alps"Grenoble
71%
18172'000NetherlandsMetropolis of the NorthGroningen
56%
9282'000GermanySchalke 04 plays hereGelsenkirchen
48%
10264'000SpainDisgrace of the World Cup 1982Gijon
47%
3475'000BelarusRadioactive contamination from ChernobylGomel
41%
6330'000RomaniaDanubeGalati
31%
11254'000PolandHeadquarter of the Polish NavyGdynia
28%
8301'000BelarusOld CastleGrodno
23%
15211'000PolandIn the Silesian HighlandsGliwice
17%
16201'000United KingdomMillennium BridgeGateshead
13%
7303'000UkraineIn the DonbassGorlovka
9%

Score Distribution

Percentile by Number Answered

Percent of People with Each Score

Your Score History

You have not taken this quiz